Melbourne Metro Stations (2018 edition) - Statistics

General Stats
  • This quiz has been taken 197 times
    106 since last reset
  • The average score is 138 of 219
Answer Stats
Answer % Correct
Melbourne Central
93%
Flinders Street
91%
Flagstaff
89%
Parliament
89%
Richmond
89%
Frankston
87%
East Richmond
85%
Pakenham
85%
Southern Cross
85%
Glen Waverley
82%
Sunshine
82%
Footscray
80%
Jolimont
80%
Craigieburn
78%
Dandenong
78%
Essendon
78%
Ferntree Gully
78%
Flemington Racecourse
78%
Hawthorn
78%
North Melbourne
78%
Werribee
78%
Williamstown
78%
Collingwood
76%
Cranbourne
76%
North Richmond
76%
South Yarra
76%
Toorak
76%
West Richmond
76%
Altona
75%
Box Hill
75%
Brunswick
75%
Burnley
75%
Camberwell
75%
Mount Waverley
75%
South Morang
75%
Alamein
73%
Broadmeadows
73%
Coburg
73%
Croydon
73%
Lilydale
73%
Ringwood
73%
Sandringham
73%
Upfield
73%
Belgrave
71%
Heidelberg
71%
Ivanhoe
71%
Kensington
71%
Malvern
71%
Newport
71%
Northcote
71%
Preston
71%
Yarraville
71%
Armadale
69%
Balaclava
69%
Berwick
69%
Caulfield
69%
Eltham
69%
Epping
69%
Hoppers Crossing
69%
Middle Brighton
69%
Prahran
69%
Sunbury
69%
Upwey
69%
Batman
67%
Blackburn
67%
Chelsea
67%
Clayton
67%
Diamond Creek
67%
East Camberwell
67%
Elsternwick
67%
Fairfield
67%
Glenferrie
67%
Hampton
67%
Hurstbridge
67%
Kooyong
67%
Mordialloc
67%
Nunawading
67%
Pascoe Vale
67%
Seddon
67%
Brighton Beach
65%
East Malvern
65%
Fawkner
65%
Glen Iris
65%
Jewell
65%
Laverton
65%
Mentone
65%
Middle Footscray
65%
Oakleigh
65%
Reservoir
65%
Royal Park
65%
Upper Ferntree Gully
65%
Victoria Park
65%
Watergardens
65%
Williamstown Beach
65%
Windsor
65%
Ashburton
64%
Bayswater
64%
Bentleigh
64%
Carnegie
64%
Clifton Hill
64%
Edithvale
64%
Glenroy
64%
Greensborough
64%
Moonee Ponds
64%
Officer
64%
Rosanna
64%
Surrey Hills
64%
Syndal
64%
Thornbury
64%
Ascot Vale
62%
Bell
62%
Boronia
62%
Burwood
62%
Carrum
62%
Chatham
62%
Cheltenham
62%
Gardenvale
62%
Hawksburn
62%
Laburnum
62%
Lalor
62%
Merri
62%
Mitcham
62%
Mont Albert
62%
Montmorency
62%
Moreland
62%
Newmarket
62%
North Brighton
62%
North Williamstown
62%
St Albans
62%
Thomastown
62%
West Footscray
62%
Aircraft
60%
Alphington
60%
Aspendale
60%
Canterbury
60%
Dennis
60%
Diggers Rest
60%
Flemington Bridge
60%
Heathmont
60%
Jacana
60%
Kananook
60%
Moorabbin
60%
Parkdale
60%
Ringwood East
60%
Rushall
60%
Spotswood
60%
Tecoma
60%
Williams Landing
60%
Albion
58%
Auburn
58%
Heatherdale
58%
Highett
58%
Jordanville
58%
Keon Park
58%
Mooroolbark
58%
Narre Warren
58%
Oakpark
58%
Ormond
58%
Ripponlea
58%
Anstey
56%
Beaconsfield
56%
Bonbeach
56%
Croxton
56%
Darebin
56%
Eaglemont
56%
Macleod
56%
Murrumbeena
56%
Noble Park
56%
Seaford
56%
South Kensington
56%
Southland
56%
Watsonia
56%
Ginifer
55%
Glenhuntly
55%
Hallam
55%
Stony Point
55%
Huntingdale
53%
Regent
53%
Springvale
53%
Tottenham
53%
Westgarth
53%
Coolaroo
51%
Hartwell
51%
Keilor Plains
51%
McKinnon
51%
Merlynston
51%
Ruthven
51%
Strathmore
51%
Wattle Glen
51%
Gowrie
49%
Holmesglen
49%
Hughesdale
49%
Lynbrook
49%
Sandown Park
49%
Seaholme
49%
Showgrounds
49%
Westall
49%
Yarraman
49%
Hastings
47%
Heyington
47%
Patterson
47%
Roxburgh Park
47%
Westona
47%
Glenbervie
45%
Riversdale
45%
Tooronga
45%
Cardinia Road
44%
Darling
44%
Gardiner
44%
Macaulay
44%
Merinda Park
44%
Baxter
42%
Crib Point
42%
Willison
40%
Bittern
36%
Leawarra
35%
Tyabb
35%
Somerville
31%
Morradoo
29%
No matching quizzes found
Score Distribution
Percent of People with Each Score
Percentile by Number Answered
Your Score History
You have not taken this quiz since the last reset